000 00411nam a22001337a 4500
008 230605b xxu||||| |||| 00| 0 eng d
020 _a9966767479
082 _a330.97
_bKEN
245 _aEconomic Survey 2014
_cKenya National Bureau of Statistics
260 _aNairobi
_bKenya National Bureau of Statistics
_c2014
300 _a299
710 _bKenya National Bureau of Statistics
_cNairobi
_d2014
942 _2ddc
_cBK
999 _c280
_d280